000 00970nam a22003017a 4500
003 CHAP
005 20220329134456.0
008 971013s1973 r 00010 d
010 _a20919
011 _a21891
035 _a25982
040 _cCHAP
082 _a333.72
_bB6
100 0 0 _aBonn, George S.
_913720
245 _aInformation resources in the envirormental sciences
260 _aChampaign, Ill. :
_bUniversity of Illinois,
_c1973
300 _a238 p.
_b: ilus.
490 _aAllerton Park Institute
_v; 18
590 _aBATCH-UPD
_b10
_c20130110
_lUCH01
_h1604
590 _aBATCH-UPD
_b10
_c20130410
_lUCH01
_h1001
590 _aBATCH-UPD
_b10
_c20130914
_lUCH01
_h1808
590 _aCONVERSION
_b10
_c20130109
_lUCH01
_h1312
650 1 4 _aMedio ambiente
_xServicios de información.
_974116
830 0 _aAllerton Park Institute
_v; 18
_94424
901 _aBK
942 _cLIBRO
949 _a333.72 B6
_bBC
_cLIBRO
_d33724000341699
_eLIBRO
_h41719
_i25982
_mD
_si
999 _c20919
_d20919